000
00335 a2200121 4500
001
ART_7874
005
20260410161638.0
008
260409a
245
1
0
_a
Mitos tributarios
100
1
_a
Lorenzo, Armando
700
1
_a
Cavalli, César M.
773
0
_t
Consultor tributario
_g
- Vol. 2, Nº 16 (jun. 2008)
_w
REV474
999
_c
13088
_d
13088